| 000 | 00501cam a22001337a 4500 | ||
|---|---|---|---|
| 008 | 180718b1956 xxu||||| |||| 00| 0 eng d | ||
| 082 | _aR D6 P328/1 | ||
| 100 | _aPeaslee, Amos Jenkins | ||
| 245 |
_aInternational government organizations constitutional documents _cby Amos Jenkins Peaslee |
||
| 260 |
_aThe Hague _bM. Nijhoff _c1956 |
||
| 300 | _av | ||
| 500 | _aContents;v.1. African Postal Union to Intergovernmental Maritime Consultative Organization, xxiii, 719p | ||
| 650 | _aInternational agencies | ||
| 999 |
_c425500 _d425500 |
||